000 00535nam a2200157Ia 4500
003 GCL
005 20240530105323.0
008 140319s9999 xx 000 0 ara d
040 _aGCL /
_cGCL
082 0 4 _a227/
_bص ح
100 1 _4الصاوى، احمد بن محمد الخلوفى
245 1 0 _aحاشية على تفسير الجلالين /
_cاحمد بن محمد الصاوى المالكى الخلوفى
260 _aبيروت :
_bدار الجيل
650 0 4 _aتفسير القران الكريم
942 _2ddc
_cBK
999 _c54887
_d54887